| 000 | 01102nmc a2200349 a 4500 | ||
|---|---|---|---|
| 003 | AR-BaBNM | ||
| 005 | 20251128205353.0 | ||
| 008 | 011101s1988 ||||||||||||||000 | spa|| | ||
| 020 | _a84-7774-019-4 | ||
| 040 | _cAR-BaBNM | ||
| 100 | 1 | _aWallace, Belle | |
| 245 | 1 | 0 |
_aLa educación de los niños más capaces _bprogramas y recursos didácticos para la escuela |
| 260 |
_aMadrid _bVisor _c1988 |
||
| 300 |
_a191 p. _btablas, diagr. |
||
| 490 | 0 |
_aAprendizaje _vv. 43 |
|
| 500 | _aContiene referencias bibliográficas e índice analítico | ||
| 650 | 4 | _aPROCESO DE APRENDIZAJE | |
| 650 | 4 | _aROL DEL DOCENTE | |
| 650 | 4 | _aACTIVIDADES DE APRENDIZAJE | |
| 650 | 4 | _aSELECCION DE MATERIAL DIDACTICO | |
| 650 | 4 | _aROL DE LOS PADRES | |
| 650 | 4 | _aRELACION PADRES-DOCENTE | |
| 650 | 4 | _aEDUCACION COMPLEMENTARIA | |
| 650 | 4 | _aDESARROLLO INTELECTUAL | |
| 653 | _aNINOS TALENTOSOS | ||
| 653 | _aESTRATEGIAS DIDACTICAS | ||
| 700 | 1 |
_aSánchez Barberán, Genís _etraductor |
|
| 800 | 1 |
_aAlvarez, Amelia _edirector |
|
| 800 | 1 |
_aDel Río, Pablo _edirector |
|
| 942 | _cBK | ||
| 998 | _cSILVI | ||
| 999 |
_c11132 _d11132 |
||